000 002710000a22000970004500
100 1 _aNeira, Armando
245 1 0 _aEl pueblo Wayúu : Cultura, religión, economía, familia
300 _aVol. 36, Num. 36 (Febrero, 1994), Páginas 38-39
773 0 _tCambio 16
942 _cANA
999 _c58390
_d58390